Southville International School and Colleges
Your cart is empty.
  • Cart
  • Lists
    Public lists list_1 View all
    Your lists Log in to create your own lists
  • Log in to your account
  • Your cookies
  • Search history
Southville International School and Colleges
  • Advanced search
  • Recent comments
  • Most popular
  • Libraries

Log in to your account

Log in with GOOGLE


If you do not have an external account, but do have a local account, you can still log in:

  1. Home
  2. MARC view: Fundamentals of nursing :
Normal view MARC view ISBD view

Fundamentals of nursing : (Record no. 21480)

[ view plain ]
MARC details
000 -LEADER
fixed length control field 00776nam a2200289 a 4500
003 - CONTROL NUMBER IDENTIFIER
control field PILC
005 - DATE AND TIME OF LATEST TRANSACTION
control field 20150826142454.0
008 - FIXED-LENGTH DATA ELEMENTS--GENERAL INFORMATION
fixed length control field 060719s19uu xx 00 eng d
020 ## - INTERNATIONAL STANDARD BOOK NUMBER
International Standard Book Number 9812595376
020 ## - INTERNATIONAL STANDARD BOOK NUMBER
International Standard Book Number 0721691412
020 ## - INTERNATIONAL STANDARD BOOK NUMBER
International Standard Book Number 9789812595379
050 ## - LIBRARY OF CONGRESS CALL NUMBER
Classification number RT 41
Item number .F86 2005
245 ## - TITLE STATEMENT
Title Fundamentals of nursing :
Remainder of title caring and clinical judgement /
Statement of responsibility, etc edited by Helen Harkreader and Mary Ann Hogan.
250 ## - EDITION STATEMENT
Edition statement 2nd edition.
260 ## - PUBLICATION, DISTRIBUTION, ETC. (IMPRINT)
Place of publication, distribution, etc Singapore :
Name of publisher, distributor, etc Elseviere Inc,
Date of publication, distribution, etc 2005.
300 ## - PHYSICAL DESCRIPTION
Extent 1346 pages :
Other physical details illustrations ;
Dimensions 26 cm.
650 ## - SUBJECT ADDED ENTRY--TOPICAL TERM
Topical term or geographic name as entry element Nursing.
650 ## - SUBJECT ADDED ENTRY--TOPICAL TERM
Topical term or geographic name as entry element Nursing Care.
700 ## - ADDED ENTRY--PERSONAL NAME
Personal name Hogan, Mary Ann
942 ## - ADDED ENTRY ELEMENTS (KOHA)
Koha item type Books
Source of classification or shelving scheme Library of Congress Classification
Call number prefix Foreign
Holdings
Withdrawn status Lost status Source of classification or shelving scheme Damaged status Home library Current library Shelving location Date acquired Source of acquisition Cost, normal purchase price Total Checkouts Full call number Barcode Date last seen Copy number Price effective from Koha item type
    Library of Congress Classification   Archives Archives   07/19/2006 Donation 998.00   RT 41 .F86 2005 C7230 05/15/2018 1 10/10/2013 Books
    Library of Congress Classification   Archives Archives   12/13/2013 Donation     RT 41 .F86 2005 C7229 05/15/2018 2 12/13/2013 Books
    Library of Congress Classification   Archives Archives   12/13/2013 Donation     RT 41 .F86 2005 C7226 05/15/2018 5 12/13/2013 Books
    Library of Congress Classification   Archives Archives   12/13/2013 Donation     RT 41 .F86 2005 C7225 05/15/2018 6 12/13/2013 Books
    Library of Congress Classification   Archives Archives Audio Visual Material Section 08/26/2015 Donation     RT 41 .F86 2005 C19814 05/15/2018   08/26/2015 Books
    Library of Congress Classification   College Library College Library General Circulation Section 12/13/2013       RT 41 .F86 2005 C7228 05/15/2018 3 12/13/2013 Books
    Library of Congress Classification   College Library College Library General Circulation Section 12/13/2013       RT 41 .F86 2005 C7227 05/15/2018 4 12/13/2013 Books

Fundamentals of nursing :

APA

Hogan M. A., . (2005). Fundamentals of nursing. Singapore: Elseviere Inc.

Chicago

Hogan Mary Ann, . 2005. Fundamentals of nursing. Singapore: Elseviere Inc.

Harvard

Hogan M. A., . (2005). Fundamentals of nursing. Singapore: Elseviere Inc.

MLA

Hogan Mary Ann, . Fundamentals of nursing. Singapore: Elseviere Inc. 2005.

  • Place hold
  • Print
  • Cite
  • Add to your cart (remove)
  • Save record
    BIBTEX Dublin Core MARCXML MARC (non-Unicode/MARC-8) MARC (Unicode/UTF-8) MARC (Unicode/UTF-8, Standard) MODS (XML) RIS
  • More searches
    Search for this title in:
    Other Libraries (WorldCat) Other Databases (Google Scholar) Online Stores (Bookfinder.com) Open Library (openlibrary.org)

Exporting to Dublin Core...

SOUTHVILLE LIBRARY

Southville International School and Colleges Library

1281 Tropical Ave. Cor. Luxembourg St., BF Homes International, Las Pinas City

Tel. No. 8256374 / 252358 Loc. 117/146

Powered by Koha